[Event "Ottawa March op"]
[Site "Ottawa CAN"]
[Date "2025.02.28"]
[Round "1.1"]
[White "Rodrigue-Lemieux, Shawn"]
[Black "Ramesan, Raunak Amit"]
[Result "1-0"]
[WhiteElo "2616"]
[BlackElo "2032"]
[WhiteFideId "-1"]
[WhiteFideId "-1"]
[PlyCount "101"]
[GameId "2151405163629062"]
[EventDate "2025.02.28"]
[EventType "swiss"]
[EventRounds "5"]
[EventCountry "CAN"]

1. c4 {[%emt 0:00:42]} c6 {[%emt 0:00:08]} 2. Nf3 {[%emt 0:00:31]} d5 {[%emt 0:00:08]} 3. g3 {[%emt 0:00:25]} Nf6 {[%emt 0:00:09]} 4. Bg2 {[%emt 0:00:05]} dxc4 {[%emt 0:00:13]} 5. O-O {[%emt 0:00:28]} Nbd7 {[%emt 0:00:11]} 6. Na3 {[%emt 0:01:20]} Nb6 {[%emt 0:13:00]} 7. Qc2 Be6 8. Ne5 h5 9. h4 Ng4 10. Naxc4 Nxc4 11. Nxc4 g5 {[%emt 0:01:40]} 12. Qc3 {[%emt 0:13:32]} Rg8 {[%emt 0:05:43]} 13. hxg5 {[%emt 0:07:26]} Bg7 {[%emt 0:05:31]} 14. Qb4 {[%emt 0:05:00]} Qc7 {[%emt 0:09:32]} 15. d3 {[%emt 0:04:43]} Bxc4 {[%emt 0:17:41]} 16. Qxc4 {[%emt 0:00:38]} Be5 {[%emt 0:05:52]} 17. d4 {[%emt 0:11:29]} Bd6 {[%emt 0:00:41]} 18. e4 {[%emt 0:02:15]} Qb6 {[%emt 0:11:22]} 19. e5 {[%emt 0:06:28]} Bc7 {[%emt 0:01:00]} 20. Bf4 {[%emt 0:00:23]} e6 {[%emt 0:02:23]} 21. Rad1 {[%emt 0:15:35]} O-O-O 22. Rd2 Rd7 {[%emt 0:00:13]} 23. Rfd1 {[%emt 0:00:47]} Kb8 {[%emt 0:01:23]} 24. Bf3 {[%emt 0:15:40]} Bd8 {[%emt 0:03:02]} 25. Rd3 {[%emt 0:04:38]} Ka8 {[%emt 0:02:16]} 26. Rb3 {[%emt 0:00:12]} Qc7 {[%emt 0:00:13]} 27. Rc1 {[%emt 0:01:21]} Bxg5 {[%emt 0:03:31]} 28. Bxg5 {[%emt 0:00:06]} Rxg5 {[%emt 0:00:18]} 29. Rxb7 {[%emt 0:08:54]} Kxb7 {[%emt 0:00:21]} 30. Bxc6+ {[%emt 0:00:19]} Kb8 {[%emt 0:02:34]} 31. Qb5+ {[%emt 0:10:47]} Qb6 32. Bxd7 Qxb5 33. Bxb5 f6 34. Ba6 Rg8 35. f3 Nh6 36. exf6 Rxg3+ 37. Kf2 Rg8 38. Rc5 Rf8 {[%emt 0:01:39]} 39. Rxh5 {[%emt 0:00:10]} Rxf6 {[%emt 0:00:06]} 40. Rc5 {[%emt 0:00:04]} Rf8 {[%emt 0:00:12]} 41. Ke3 {[%emt 0:00:26]} Nf5+ {[%emt 0:02:46]} 42. Ke4 {[%emt 0:00:09]} Nd6+ {[%emt 0:00:39]} 43. Ke5 {[%emt 0:00:17]} Rd8 {[%emt 0:01:51]} 44. Kxe6 {[%emt 0:00:24]} Ne8 45. Ke7 {[%emt 0:00:22]} Nc7 {[%emt 0:00:33]} 46. Kxd8 {[%emt 0:00:12]} Ne6+ {[%emt 0:00:01]} 47. Kd7 {[%emt 0:00:12]} Nxc5+ {[%emt 0:00:08]} 48. dxc5 {[%emt 0:00:09]} Ka8 {[%emt 0:00:08]} 49. c6 {[%emt 0:00:10]} Kb8 {[%emt 0:00:03]} 50. c7+ {[%emt 0:00:16]} Ka8 {[%emt 0:00:04]} 51. c8=R# {[%emt 0:00:27]} 1-0

[Event "Ottawa March op"]
[Site "Ottawa CAN"]
[Date "2025.02.28"]
[Round "1.2"]
[White "Duval, Mathieu"]
[Black "Sambuev, Bator"]
[Result "0-1"]
[WhiteElo "2029"]
[BlackElo "2510"]
[WhiteFideId "-1"]
[WhiteFideId "-1"]
[PlyCount "50"]
[GameId "2151405163629063"]
[EventDate "2025.02.28"]
[EventType "swiss"]
[EventRounds "5"]
[EventCountry "CAN"]
[WhiteClock "0:29:38"]
[BlackClock "0:57:15"]

1. d4 {[%emt 0:00:02]} Nf6 {[%emt 0:00:17]} 2. c4 {[%emt 0:00:07]} e6 {[%emt 0:00:02]} 3. Nc3 {[%emt 0:00:06]} Bb4 {[%emt 0:00:06]} 4. e3 {[%emt 0:00:06]} O-O {[%emt 0:00:06]} 5. Bd3 {[%emt 0:00:20]} d5 {[%emt 0:00:09]} 6. Nge2 {[%emt 0:15:57]} dxc4 7. Bxc4 a6 {[%emt 0:02:42]} 8. a3 {[%emt 0:01:05]} Be7 {[%emt 0:00:58]} 9. O-O {[%emt 0:01:06]} b5 {[%emt 0:00:42]} 10. Ba2 {[%emt 0:03:06]} Bb7 {[%emt 0:01:56]} 11. Ng3 {[%emt 0:04:15]} c5 {[%emt 0:03:35]} 12. dxc5 {[%emt 0:00:22]} Bxc5 {[%emt 0:00:08]} 13. b4 {[%emt 0:00:44]} Bb6 {[%emt 0:03:54]} 14. Bb2 {[%emt 0:01:11]} Nbd7 {[%emt 0:00:49]} 15. Rc1 {[%emt 0:06:36]} a5 {[%emt 0:02:25]} 16. Qe2 {[%emt 0:11:09]} axb4 {[%emt 0:00:56]} 17. axb4 {[%emt 0:03:09]} Qe7 {[%emt 0:02:20]} 18. Nxb5 {[%emt 0:11:15]} Qxb4 {[%emt 0:05:16]} 19. Bc3 {[%emt 0:02:32]} Qh4 {[%emt 0:02:07]} 20. Qc4 {[%emt 0:08:02]} Ng4 {[%emt 0:03:25]} 21. h3 {[%emt 0:01:37]} Bxe3 {[%emt 0:04:32]} 22. fxe3 {[%emt 0:11:09]} Qxg3 23. Qxg4 Qxg4 24. hxg4 Rxa2 25. Bb4 Rxg2+ 0-1

[Event "Ottawa March op"]
[Site "Ottawa CAN"]
[Date "2025.02.28"]
[Round "1.3"]
[White "Sai, Krishna GV"]
[Black "Kellar, Ben"]
[Result "1-0"]
[WhiteElo "2491"]
[BlackElo "1994"]
[WhiteFideId "-1"]
[WhiteFideId "-1"]
[PlyCount "68"]
[GameId "2151405163641359"]
[EventDate "2025.02.28"]
[EventType "swiss"]
[EventRounds "5"]
[EventCountry "CAN"]

1. e4 c5 2. Nf3 g6 3. d4 Bg7 4. Nc3 Qa5 5. d5 d6 6. Nd2 Bxc3 7. bxc3 Nf6 8. Nc4 Qxc3+ 9. Bd2 Qd4 10. f3 Nfd7 11. a4 b6 12. Qc1 h5 13. Ra3 Qg7 14. f4 Ba6 15. Rg3 h4 16. Bc3 Nf6 17. Rh3 Bc8 18. Nxd6+ exd6 19. Bb5+ Kf8 20. Rd3 Bd7 21. Qb2 Bxb5 22. Bxf6 Qh7 23. Qxb5 Rg8 {0–0 g5 fxg5 Qxe4} 24. Rd1 h3 25. gxh3 {Qe3+ Kg2 Qe4+ Kg3 Qe3+ Rf3 Qe4 h4 Rg6 h5 Rxf6 gxf6 Qe5+ Kg2 Qg5+ Rg3} Qh5 26. Rd2 Qe5 27. Qd3 Nd7 28. Re2 Qh5 29. Qf3 Nxf6 30. Qxh5 Nxh5 {Rf3 a6} 31. c4 Rb8 32. Rb2 Kg7 33. Kf1 {Kg6 Rg2+} Kh6 {Rxf7 b5 Rd7} 34. Rxb6 a5 1-0

[Event "Ottawa March op"]
[Site "Ottawa CAN"]
[Date "2025.02.28"]
[Round "1.4"]
[White "Graham, Douglas"]
[Black "Han, Johnathan"]
[Result "0-1"]
[WhiteElo "1960"]
[BlackElo "2476"]
[WhiteFideId "-1"]
[WhiteFideId "-1"]
[PlyCount "80"]
[GameId "2151405163637257"]
[EventDate "2025.02.28"]
[EventType "swiss"]
[EventRounds "5"]
[EventCountry "CAN"]

1. d4 Nf6 2. c4 e6 3. Nf3 d5 4. Nc3 Bb4 5. e3 O-O 6. Be2 dxc4 7. Bxc4 c5 8. O-O cxd4 9. exd4 b6 10. Qb3 Bxc3 11. bxc3 Ba6 12. Bxa6 Nxa6 13. Bg5 h6 14. Bh4 Nb8 15. Ne5 Qc7 16. Bg3 Rc8 17. Rac1 Qb7 18. Nc4 Qc6 19. Ne5 Qb7 20. Rfd1 Nc6 21. Nxc6 Rxc6 22. f3 Rac8 23. Be1 Nd5 24. c4 Qa6 25. cxd5 Rxc1 26. dxe6 Rxd1 27. exf7+ Kf8 28. Qxd1 Qc4 29. Qd2 Kxf7 30. Qf4+ Kg8 31. Qe5 Rd8 32. Bf2 Qc1+ 33. Be1 Qd1 34. Qe6+ Kh8 35. h3 Qxd4+ 36. Bf2 Qd1+ 37. Be1 Qd7 38. Qb3 Qd5 39. Qc2 Qc5+ 40. Qxc5 bxc5 0-1

[Event "Ottawa March op"]
[Site "Ottawa CAN"]
[Date "2025.02.28"]
[Round "1.6"]
[White "Knechtel, Thomas"]
[Black "Jaferian, Koosha"]
[Result "0-1"]
[WhiteElo "1940"]
[BlackElo "2432"]
[WhiteFideId "-1"]
[WhiteFideId "-1"]
[PlyCount "63"]
[GameId "2151405163641355"]
[EventDate "2025.02.28"]
[EventType "swiss"]
[EventRounds "5"]
[EventCountry "CAN"]

1. e4 c6 2. d4 d5 3. Nc3 dxe4 4. Nxe4 Bf5 5. Ng3 Bg6 6. Nf3 Nd7 7. h4 h6 8. h5 Bh7 9. Bd3 Bxd3 10. Qxd3 e6 11. Bf4 Qa5+ 12. Bd2 Bb4 13. c3 Be7 14. c4 Qc7 15. O-O-O Ngf6 16. Ne4 O-O 17. Rdg1 Ng4 18. Nh4 f5 19. Qe2 Bxh4 20. Rxh4 c5 21. Nxc5 Nxc5 22. dxc5 e5 23. f3 Nf6 24. g4 Qxc5 25. Be3 Qa5 26. gxf5 Kh8 27. Kb1 Qc7 28. Rd1 Qf7 29. a3 Nxh5 30. Rdh1 Qxf5+ 31. Ka1 Ng3 32. Qg2 0-1

[Event "Ottawa March op"]
[Site "Ottawa CAN"]
[Date "2025.02.28"]
[Round "1.7"]
[White "Dukic, Zachary"]
[Black "Fiset, Anais-Chloe"]
[Result "1-0"]
[WhiteElo "2369"]
[BlackElo "1932"]
[WhiteFideId "-1"]
[WhiteFideId "-1"]
[PlyCount "67"]
[GameId "2151405163641354"]
[EventDate "2025.02.28"]
[EventType "swiss"]
[EventRounds "5"]
[EventCountry "CAN"]

1. Nf3 d5 2. g3 c5 3. Bg2 Nc6 4. d4 Nf6 5. O-O Bf5 6. c4 dxc4 7. Qa4 cxd4 8. Nxd4 Qxd4 9. Bxc6+ Bd7 10. Rd1 Bxc6 11. Qxc6+ bxc6 12. Rxd4 h5 13. Rxc4 Kd7 14. Nd2 e5 15. Nb3 e4 16. Bg5 Bd6 17. Bxf6 gxf6 18. Rxe4 a5 19. Rd1 Kc7 20. Rc4 Be5 21. Nc5 Rhd8 22. Nd3 Rab8 23. b3 Rd5 24. Rdc1 Rb6 25. Rh4 Bd6 26. Rc2 Rf5 27. Kg2 Rbb5 28. Rhc4 Rb6 29. Nb2 Kd7 30. Na4 Ra6 31. Rd2 Ke7 32. Rcd4 c5 33. Rd5 Re5 34. f4 1-0

[Event "Ottawa March op"]
[Site "Ottawa CAN"]
[Date "2025.02.28"]
[Round "1.8"]
[White "Hong, Zihan"]
[Black "Gavrilin, Roman"]
[Result "0-1"]
[WhiteElo "1931"]
[BlackElo "2341"]
[WhiteFideId "-1"]
[WhiteFideId "-1"]
[PlyCount "102"]
[GameId "2151405163641357"]
[EventDate "2025.02.28"]
[EventType "swiss"]
[EventRounds "5"]
[EventCountry "CAN"]

1. d4 Nf6 2. Bf4 d5 3. e3 e6 4. Nd2 c5 5. c3 Nc6 6. Ngf3 Bd6 7. Bg3 O-O 8. Bd3 b6 9. Ne5 Ne7 10. f4 Bb7 11. Qf3 Nf5 12. Bf2 Be7 13. O-O Nd6 14. Bh4 Nfe4 15. Bxe7 Qxe7 16. Qe2 f6 17. Ng4 Rae8 18. Bxe4 dxe4 19. dxc5 bxc5 20. c4 Nf7 21. Rad1 f5 22. Nf2 e5 23. g3 exf4 24. gxf4 g5 25. Nh3 Kh8 26. Kh1 g4 27. Nf2 Nd8 28. Nb1 Rg8 29. Rg1 Ne6 30. Nc3 Nxf4 31. exf4 e3+ 32. Nd5 exf2 33. Qxf2 Qe4+ 34. Qg2 Qxc4 35. b3 Qe2 36. Qxe2 Rxe2 37. Rg3 Rd8 38. Rgd3 Ba6 39. Rc3 Rxa2 40. Rxc5 Be2 41. Rd4 Bf3+ 42. Kg1 Rg2+ 43. Kf1 Rxh2 44. Ne7 Re8 45. Re5 g3 46. Ng6+ Kg7 47. Rd7+ Kxg6 48. Ke1 Re2+ 49. Rxe2 Rxe2+ 50. Kd1 g2 51. Rd2 g1=Q+ 0-1

[Event "Ottawa March op"]
[Site "Ottawa CAN"]
[Date "2025.02.28"]
[Round "1.9"]
[White "Moses, Neil"]
[Black "Nassar, Marwan"]
[Result "1-0"]
[WhiteElo "2326"]
[BlackElo "2049"]
[WhiteFideId "-1"]
[WhiteFideId "-1"]
[PlyCount "91"]
[GameId "2151405163641358"]
[EventDate "2025.02.28"]
[EventType "swiss"]
[EventRounds "5"]
[EventCountry "CAN"]

1. e4 c6 2. d4 d5 3. exd5 cxd5 4. Bd3 Nc6 5. c3 Nf6 6. h3 e5 7. dxe5 Nxe5 8. Nf3 Nxd3+ 9. Qxd3 Bd6 10. O-O O-O 11. Bg5 Bd7 12. Nd4 h6 13. Bh4 Rc8 14. Nd2 Bb8 15. Rfe1 Qb6 16. Rab1 Nh5 17. Qf3 Qg6 18. Nf1 Nf4 19. Bg3 Ne6 20. Bxb8 Nxd4 21. cxd4 Rxb8 22. Rbc1 Qd6 23. Rc5 Be6 24. Rec1 Rfc8 25. Qa3 Rd8 26. b4 Qf4 27. Qe3 Qd6 28. a3 Bd7 29. Qf3 Be8 30. Ne3 Qa6 31. Nxd5 Qd6 32. Qe3 Kf8 33. Nf4 Qxd4 34. Qg3 a6 35. Re1 b6 36. Rce5 Rd6 37. R5e4 Qd2 38. Nh5 g6 39. Qe5 Re6 40. Qg7+ Ke7 41. Rxe6+ Kd8 42. Rxe8+ Kc7 43. Qxf7+ Kc6 44. Qc4+ Kd7 45. Nf6+ Kd6 46. R1e6# 1-0

[Event "Ottawa March op"]
[Site "Ottawa CAN"]
[Date "2025.02.28"]
[Round "1.10"]
[White "Wu, Ting En Ryan"]
[Black "Clyde, Jordan"]
[Result "0-1"]
[WhiteElo "1926"]
[BlackElo "2299"]
[WhiteFideId "-1"]
[WhiteFideId "-1"]
[PlyCount "64"]
[GameId "2151405163641356"]
[EventDate "2025.02.28"]
[EventType "swiss"]
[EventRounds "5"]
[EventCountry "CAN"]

1. e4 Nf6 2. e5 Ng8 3. d4 d5 4. c4 c5 5. Nc3 e6 6. Nf3 cxd4 7. Nxd4 dxc4 8. Bxc4 Bc5 9. Be3 a6 10. O-O Bxd4 11. Bxd4 Nc6 12. Ne2 Nxd4 13. Nxd4 Ne7 14. Qg4 O-O 15. Rfd1 Qc7 16. Qe2 Ng6 17. Nf3 b5 18. Bb3 Bb7 19. Re1 Rad8 20. Rac1 Qb8 21. Qe3 Qa8 22. Bc2 Rc8 23. Bxg6 fxg6 24. Ng5 Rxc1 25. Rxc1 Qd8 26. f3 Bd5 27. f4 h6 28. Ne4 Qh4 29. g3 Qh3 30. Rc7 g5 31. Qa7 Bxe4 32. Rxg7+ Kh8 0-1

[Event "Ottawa March op"]
[Site "Ottawa CAN"]
[Date "2025.02.28"]
[Round "1.11"]
[White "Wiebe, Isaac"]
[Black "Desjardins, Michel"]
[Result "1-0"]
[WhiteElo "2220"]
[BlackElo "1924"]
[WhiteFideId "-1"]
[WhiteFideId "-1"]
[PlyCount "121"]
[GameId "2151405163641360"]
[EventDate "2025.02.28"]
[EventType "swiss"]
[EventRounds "5"]
[EventCountry "CAN"]

1. Nf3 d5 2. g3 Nf6 3. Bg2 c6 4. O-O Bf5 5. d3 e6 6. Nbd2 h6 7. Qe1 Be7 8. e4 dxe4 9. dxe4 Bg6 10. Qe2 O-O 11. b3 Nbd7 12. Bb2 Qc7 13. h3 Rfe8 14. Rad1 Rad8 15. Rfe1 Bc5 16. e5 Nd5 17. c3 Be7 18. Ne4 Nc5 19. Nxc5 Bxc5 20. b4 Be7 21. a3 Nb6 22. Nd4 a6 23. Nb3 Rxd1 24. Rxd1 Rd8 25. Rxd8+ Qxd8 26. Na5 Qc7 27. c4 Na4 28. Ba1 Nb6 29. c5 Nd5 30. Nc4 Bf8 31. Nd6 Be7 32. f4 Bf8 33. Bd4 Ne7 34. g4 Bh7 35. Qf2 Qd7 36. Bf1 Bg6 37. Bc4 Nd5 38. Qd2 Be7 39. Qf2 Bh7 40. h4 Bg6 41. h5 Bh7 42. Bf1 Bd8 43. Bh3 Qc7 44. Bg2 Qd7 45. Qd2 Ne7 46. a4 Nd5 47. Bf1 Be7 48. Bc4 Bf8 49. Kh2 Be7 50. Kg3 Bf8 51. Qb2 Be7 52. b5 axb5 53. axb5 cxb5 54. Bxb5 Qc7 55. Be8 Qa5 56. Bxf7+ Kf8 57. Bxe6 Qe1+ 58. Qf2 Qh1 59. g5 Nc7 60. Bg4 Nd5 61. Bf3 1-0

[Event "Ottawa March op"]
[Site "Ottawa CAN"]
[Date "2025.02.28"]
[Round "1.12"]
[White "Vu, Huy Minh"]
[Black "Joseph, Jonath"]
[Result "0-1"]
[WhiteElo "1913"]
[BlackElo "2214"]
[WhiteFideId "-1"]
[WhiteFideId "-1"]
[PlyCount "60"]
[GameId "2151405163637256"]
[EventDate "2025.02.28"]
[EventType "swiss"]
[EventRounds "5"]
[EventCountry "CAN"]

1. e4 e5 2. Nf3 Nc6 3. Bc4 Bc5 4. c3 Nf6 5. d3 a6 6. a4 d6 7. h3 h6 8. b4 Ba7 9. Qb3 Qe7 10. Na3 Nh5 11. Nc2 Nf4 12. Bxf4 exf4 13. O-O-O Bxf2 14. d4 O-O 15. Rhf1 Bg3 16. Bd3 Bd7 17. Ng1 Kh8 18. Ne2 f5 19. Nxg3 fxg3 20. exf5 Qg5+ 21. Kb2 Bxf5 22. h4 Qg6 23. Rxf5 Rxf5 24. Rf1 Raf8 25. Ne3 Rf2+ 26. Rxf2 Rxf2+ 27. Bc2 Qe4 28. b5 Na5 29. Qb4 Qxe3 30. Qxa5 Qe2 0-1

[Event "Ottawa March op"]
[Site "Ottawa CAN"]
[Date "2025.03.01"]
[Round "2.1"]
[White "Clyde, Jordan"]
[Black "Rodrigue-Lemieux, Shawn"]
[Result "0-1"]
[WhiteElo "2299"]
[BlackElo "2616"]
[WhiteFideId "-1"]
[WhiteFideId "-1"]
[PlyCount "77"]
[GameId "2151405163571707"]
[EventDate "2025.02.28"]
[EventType "swiss"]
[EventRounds "5"]
[EventCountry "CAN"]
[WhiteClock "0:00:42"]
[BlackClock "0:03:32"]

1. e4 {[%emt 0:00:49]} e6 {[%emt 0:01:15]} 2. d4 {[%emt 0:00:33]} d5 {[%emt 0:00:08]} 3. Bd3 {[%emt 0:05:31]} dxe4 4. Bxe4 Nf6 5. Bf3 c5 6. dxc5 {[%emt 0:03:08]} Qc7 {[%emt 0:12:22]} 7. Ne2 {[%emt 0:27:51]} Bxc5 {[%emt 0:01:20]} 8. Nf4 {[%emt 0:01:22]} O-O {[%emt 0:03:11]} 9. Nd3 Bd6 {[%emt 0:05:20]} 10. Nc3 {[%emt 0:04:15]} a6 {[%emt 0:05:10]} 11. Bg5 {[%emt 0:02:02]} Nbd7 {[%emt 0:02:12]} 12. Qd2 {[%emt 0:05:19]} Rb8 {[%emt 0:03:28]} 13. a4 {[%emt 0:09:22]} b5 {[%emt 0:20:21]} 14. axb5 {[%emt 0:00:10]} axb5 {[%emt 0:00:05]} 15. h4 {[%emt 0:01:46]} b4 {[%emt 0:08:24]} 16. Ne4 {[%emt 0:29:34]} Nxe4 17. Bxe4 f5 {[%emt 0:03:18]} 18. Bf3 {[%emt 0:00:09]} f4 {[%emt 0:00:10]} 19. Qe2 {[%emt 0:03:22]} Ne5 {[%emt 0:05:20]} 20. Be4 {[%emt 0:01:26]} h6 {[%emt 0:06:46]} 21. Nxf4 {[%emt 0:08:30]} hxg5 {[%emt 0:01:42]} 22. Ng6 {[%emt 0:00:54]} Nxg6 {[%emt 0:01:43]} 23. Bxg6 {[%emt 0:00:46]} g4 {[%emt 0:00:24]} 24. h5 {[%emt 0:03:32]} Bf4 {[%emt 0:00:27]} 25. Bd3 {[%emt 0:03:58]} Qe5 {[%emt 0:00:18]} 26. Qxe5 {[%emt 0:01:05]} Bxe5 {[%emt 0:00:06]} 27. h6 {[%emt 0:00:08]} Bb7 {[%emt 0:03:00]} 28. Ra7 {[%emt 0:00:42]} Ra8 {[%emt 0:01:01]} 29. hxg7 {[%emt 0:01:00]} Rxa7 {[%emt 0:00:23]} 30. gxf8=Q+ {[%emt 0:00:32]} Kxf8 {[%emt 0:00:06]} 31. Rh4 {[%emt 0:00:37]} Bxb2 {[%emt 0:01:35]} 32. Rxg4 {[%emt 0:00:23]} Bc3+ {[%emt 0:00:17]} 33. Ke2 {[%emt 0:00:06]} Ra1 {[%emt 0:00:14]} 34. f3 {[%emt 0:00:25]} Bd5 {[%emt 0:04:28]} 35. Kf2 Rd1 36. Ke2 Rd2+ 37. Ke3 Ba2 {[%emt 0:00:03]} 38. Re4 {[%emt 0:00:52]} Rxg2 {[%emt 0:00:12]} 39. f4 {[%emt 0:00:19]} 0-1

[Event "Ottawa March op"]
[Site "Ottawa CAN"]
[Date "2025.03.01"]
[Round "2.2"]
[White "Sambuev, Bator"]
[Black "Wiebe, Isaac"]
[Result "0-1"]
[WhiteElo "2510"]
[BlackElo "2224"]
[WhiteFideId "-1"]
[WhiteFideId "-1"]
[PlyCount "126"]
[GameId "2151405163612668"]
[EventDate "2025.02.28"]
[EventType "swiss"]
[EventRounds "5"]
[EventCountry "CAN"]
[WhiteClock "0:01:34"]
[BlackClock "0:07:30"]

1. d4 {[%emt 0:00:01]} d5 {[%emt 0:01:37]} 2. c4 {[%emt 0:00:04]} dxc4 {[%emt 0:00:02]} 3. Nf3 {[%emt 0:00:07]} a6 {[%emt 0:00:03]} 4. e3 {[%emt 0:00:16]} Bg4 {[%emt 0:00:02]} 5. h3 {[%emt 0:00:24]} Bh5 {[%emt 0:00:03]} 6. Nc3 {[%emt 0:04:18]} e6 7. g4 Bg6 8. Ne5 Nf6 9. Bxc4 {[%emt 0:00:22]} Nbd7 {[%emt 0:01:10]} 10. Nxg6 {[%emt 0:00:11]} hxg6 {[%emt 0:00:04]} 11. Bf1 {[%emt 0:00:15]} c6 {[%emt 0:01:24]} 12. Bg2 {[%emt 0:01:21]} Bd6 {[%emt 0:04:31]} 13. Qb3 {[%emt 0:03:59]} Qb6 {[%emt 0:05:13]} 14. Qxb6 {[%emt 0:01:12]} Nxb6 {[%emt 0:00:04]} 15. g5 {[%emt 0:00:42]} Nfd5 {[%emt 0:00:25]} 16. Ne4 {[%emt 0:00:11]} Bb4+ {[%emt 0:00:23]} 17. Ke2 {[%emt 0:01:11]} f5 {[%emt 0:10:47]} 18. gxf6 {[%emt 0:00:02]} gxf6 {[%emt 0:00:14]} 19. a3 {[%emt 0:05:34]} Be7 {[%emt 0:00:13]} 20. Nc5 {[%emt 0:01:32]} Bxc5 {[%emt 0:00:47]} 21. dxc5 {[%emt 0:00:20]} Nd7 {[%emt 0:00:46]} 22. e4 {[%emt 0:04:00]} Ne7 {[%emt 0:00:44]} 23. Be3 {[%emt 0:01:10]} g5 {[%emt 0:00:55]} 24. h4 {[%emt 0:01:53]} gxh4 {[%emt 0:02:01]} 25. Bh3 {[%emt 0:03:16]} Nf8 {[%emt 0:10:47]} 26. Rhg1 {[%emt 0:02:04]} Rh7 {[%emt 0:00:37]} 27. f3 {[%emt 0:14:32]} Rd8 {[%emt 0:01:55]} 28. Rg4 {[%emt 0:02:55]} Kf7 {[%emt 0:01:17]} 29. Rag1 {[%emt 0:03:49]} Nfg6 {[%emt 0:00:33]} 30. f4 {[%emt 0:00:57]} f5 {[%emt 0:06:57]} 31. exf5 {[%emt 0:03:16]} exf5 {[%emt 0:00:04]} 32. Rg5 {[%emt 0:02:04]} Kf6 33. Bd2 {[%emt 0:05:57]} Rxd2+ {[%emt 0:02:30]} 34. Kxd2 {[%emt 0:00:48]} Nxf4 {[%emt 0:00:03]} 35. Bf1 {[%emt 0:00:09]} Ne6 {[%emt 0:00:26]} 36. R5g2 {[%emt 0:00:28]} Nxc5 {[%emt 0:00:18]} 37. Ke3 {[%emt 0:02:23]} Ne6 {[%emt 0:24:55]} 38. Kf3 Nd4+ 39. Kf2 {[%emt 0:00:29]} b5 {[%emt 0:02:26]} 40. b4 {[%emt 0:03:54]} Ne6 {[%emt 0:06:34]} 41. Kf3 {[%emt 0:01:58]} Nd5 {[%emt 0:05:45]} 42. Rg8 {[%emt 0:02:30]} Nd4+ {[%emt 0:04:23]} 43. Kf2 {[%emt 0:00:34]} a5 {[%emt 0:00:26]} 44. Bg2 {[%emt 0:08:35]} axb4 {[%emt 0:06:36]} 45. Bxd5 {[%emt 0:00:42]} cxd5 {[%emt 0:00:07]} 46. axb4 {[%emt 0:00:07]} h3 {[%emt 0:01:23]} 47. R8g3 {[%emt 0:06:13]} h2 {[%emt 0:06:08]} 48. Rh1 Rh4 49. Rd3 Ke5 {[%emt 0:01:38]} 50. Kg3 {[%emt 0:00:12]} Re4 {[%emt 0:00:36]} 51. Kxh2 {[%emt 0:02:47]} Nc6 {[%emt 0:01:13]} 52. Rb1 {[%emt 0:00:19]} Re2+ {[%emt 0:01:28]} 53. Kh3 {[%emt 0:00:38]} f4 {[%emt 0:01:40]} 54. Kg4 {[%emt 0:01:12]} Ke4 {[%emt 0:00:27]} 55. Rc3 {[%emt 0:00:30]} Ne5+ {[%emt 0:00:23]} 56. Kg5 {[%emt 0:00:04]} Rg2+ {[%emt 0:01:57]} 57. Kf6 {[%emt 0:00:11]} Rg6+ {[%emt 0:00:19]} 58. Ke7 {[%emt 0:00:04]} Nc4 {[%emt 0:01:48]} 59. Re1+ {[%emt 0:00:47]} Ne3 {[%emt 0:00:14]} 60. Kf7 {[%emt 0:00:22]} Rb6 {[%emt 0:00:12]} 61. Rc8 {[%emt 0:00:45]} d4 {[%emt 0:00:42]} 62. Re2 {[%emt 0:00:07]} Rb7+ {[%emt 0:00:57]} 63. Kf6 {[%emt 0:00:20]} f3 {[%emt 0:00:16]} 0-1

[Event "Ottawa March op"]
[Site "Ottawa CAN"]
[Date "2025.02.28"]
[Round "2.3"]
[White "Joseph, Jonath"]
[Black "Sai, Krishna GV"]
[Result "0-1"]
[WhiteElo "2214"]
[BlackElo "2491"]
[WhiteFideId "-1"]
[WhiteFideId "-1"]
[PlyCount "94"]
[GameId "2151405163612674"]
[EventDate "2025.02.28"]
[EventType "swiss"]
[EventRounds "5"]
[EventCountry "CAN"]

1. Nf3 Nf6 2. b3 g6 3. Bb2 Bg7 4. e3 O-O 5. d4 d6 6. Be2 e5 7. dxe5 Nfd7 8. Nc3 dxe5 9. h4 Nc6 10. Ba3 Re8 11. Ng5 Nb6 12. Qxd8 Rxd8 13. Rd1 Bf5 14. Nge4 a5 15. g4 Bxe4 16. Rxd8+ Rxd8 17. Nxe4 Nb4 18. Bxb4 axb4 19. Nc5 Ra8 20. Bf3 Rxa2 21. Kd2 Bf8 22. Nd3 c5 23. Nxe5 Bg7 24. Nd3 Bc3+ 25. Kd1 c4 26. Nc1 Ra1 27. Ke2 Bb2 28. Kd2 Bc3+ 29. Ke2 Bb2 30. Kd2 c3+ 31. Kd3 Rxc1 32. Rxc1 Bxc1 33. Bxb7 Nd7 34. Bc8 Nf6 35. g5 Ne8 36. Bg4 Kf8 37. h5 Ke7 38. hxg6 hxg6 39. f4 Ng7 40. Ke2 Nf5 41. Bxf5 gxf5 42. Kf3 Ke6 43. e4 Bd2 44. e5 Kd5 45. Kg3 Ke4 46. e6 Bxf4+ 47. Kh3 Bxg5 0-1

[Event "Ottawa March op"]
[Site "Ottawa CAN"]
[Date "2025.02.28"]
[Round "2.4"]
[White "Han, Johnathan"]
[Black "Lane, Ryan"]
[Result "1-0"]
[WhiteElo "2476"]
[BlackElo "2204"]
[WhiteFideId "-1"]
[WhiteFideId "-1"]
[PlyCount "75"]
[GameId "2151405163612671"]
[EventDate "2025.02.28"]
[EventType "swiss"]
[EventRounds "5"]
[EventCountry "CAN"]

1. e4 e5 2. Nf3 Nc6 3. Bc4 Nf6 4. d3 Bc5 5. c3 a5 6. O-O d6 7. Re1 O-O 8. h3 Be6 9. Bb5 Ne7 10. d4 Ba7 11. Nbd2 Ng6 12. Nf1 c6 13. Bd3 h6 14. Ng3 Re8 15. Be3 Qc7 16. Qd2 Rad8 17. Nf5 d5 18. exd5 cxd5 19. Nxe5 Nxe5 20. dxe5 Bxf5 21. Bxa7 Bxd3 22. Qxd3 Rxe5 23. Bd4 Rxe1+ 24. Rxe1 Re8 25. Rxe8+ Nxe8 26. Qb5 Nf6 27. a4 Kf8 28. Bb6 Qf4 29. Qxa5 Qc1+ 30. Kh2 Qxb2 31. Qa8+ Ke7 32. Qxb7+ Ke6 33. Qc6+ Kf5 34. a5 Qa1 35. Qc8+ Kg6 36. a6 Qc1 37. a7 Ne4 38. Qg4+ 1-0

[Event "Ottawa March op"]
[Site "Ottawa CAN"]
[Date "2025.02.28"]
[Round "2.5"]
[White "Azar, Sebastien"]
[Black "Chiku-Ratte, Olivier-Kenta"]
[Result "0-1"]
[WhiteElo "2178"]
[BlackElo "2452"]
[WhiteFideId "-1"]
[WhiteFideId "-1"]
[PlyCount "128"]
[GameId "2151405163612676"]
[EventDate "2025.02.28"]
[EventType "swiss"]
[EventRounds "5"]
[EventCountry "CAN"]

1. e4 e5 2. Nf3 Nc6 3. Nc3 Nf6 4. h3 Bb4 5. Nd5 Nxd5 6. exd5 e4 7. dxc6 exf3 8. Qxf3 Qe7+ 9. Be2 dxc6 10. O-O O-O 11. d4 Bd6 12. b3 Qh4 13. Bb2 Be6 14. c4 Qf4 15. Qxf4 Bxf4 16. Rad1 Rfd8 17. Rfe1 a5 18. a4 Bf5 19. Bd3 Bxd3 20. Rxd3 Bd6 21. g3 Bb4 22. Red1 Rd7 23. Kg2 Rad8 24. Kf3 f6 25. h4 h5 26. Bc1 Kf7 27. Bf4 Ke6 28. Ke4 Kf7 29. Kf3 Kg6 30. Kg2 Kf5 31. Rf3 Ke6 32. Re3+ Kf7 33. Red3 Bd6 34. Bd2 b6 35. Bc1 Be5 36. Be3 c5 37. d5 c6 38. f4 Bb8 39. f5 cxd5 40. cxd5 Be5 41. Kf3 Ke7 42. Bf4 Kd6 43. Rg1 Re8 44. Be3 Rde7 45. Rc1 Bxg3 46. b4 axb4 47. a5 Rxe3+ 48. Rxe3 Be5 49. axb6 Rb8 50. Ke4 Rxb6 51. Rb3 Bd4 52. Ra1 Rb8 53. Kd3 Kxd5 54. Ra5 Bc3 55. Rb1 Re8 56. Rf1 Bd4 57. Rb5 Re3+ 58. Kd2 Rg3 59. Rb7 Rg2+ 60. Kd1 Kc4 61. Rf3 Bc3 62. Rb8 b3 63. Rb7 Rg1+ 64. Ke2 b2 0-1